000 00401 a2200145 4500
245 _aRome, Britain, and the Anglo-Saxons
_hprint
020 _a1852640227
650 _aHistory
005 20191021100128.0
260 _aenk
_bSeaby
_c1992
084 _aDA152 .H54 1992
300 _a263 p. : ill.
_b 24 cm.
_c263 p. : ill. ; 24 cm.
500 _aNicholas Higham.
490 _aThe Archaeology of change
999 _c13107
_d13107